000 00642nam a22002417a 4500
001 30862
003 UA-OsUOA
005 20240102152324.0
007 ta
008 20041116b un ||||| |||| 00| 0 ukr d
020 _a966-7430-04-9
040 _aUA-OsUOA
_bukr
_cUA-OsUOA
_dUA-OsUOA
041 _aukr
044 _aUA
080 _a94(477)
090 _a94(477)
_bН12
245 _aНа пошану 80-річчя професора Теодора Мацьківа
_cупоряд. В. І. Сергійчук
260 _aКиїв
_bТвім інтер
_c1999
300 _a240 с.
650 7 _2UDC
942 _cBK
_2udc
955 _a0
999 _c317277
_d317277